Awatar: Legenda Aanga - rodzaje magii - Statystyki

Ogólne statystyki
  • Ten quiz został rozwiązany 663 razy
  • Średni wynik to 7 z 16
Statystyki odpowiedzi
Rodzaj magii % Poprawnych
Ziemia Metal
87%
Woda Krew
86%
Woda Woda
75%
Ziemia Ziemia
72%
Ziemia Lawa
71%
Ogień Ogień
70%
Powietrze Powietrze
69%
Ziemia Piasek
43%
Powietrze Latanie
42%
Woda Uzdrawianie
37%
Inne Energia
22%
Ogień Przekierowanie błyskawicy
11%
Ogień Zapłon
10%
Ziemia Odczucie sejsmiczne
9%
Ogień Wytwarzanie błyskawicy
5%
Inne Duchowa projekcja
3%
Nie znaleziono quizów pasujących do podanych kryteriów
Rozkład punktacji
Procent ludzi z każdym wynikiem
Percentyl według liczby udzielonych odpowiedzi
Twoja historia wyników
Nie rozwiązałeś tego quizu